| 000 | 00344nam a22001097a 4500 | ||
|---|---|---|---|
| 082 | _a220 PRO | ||
| 100 |
_aUMAR,RIZWAN,SALMAN,RASHID ANSARI _971692 |
||
| 245 | _aPR-SOF-1365-PERFORMANCE EVALUATION OF HORIZONTAL KAPLAN (S) TURBINE FOR MICRO HYDRO | ||
| 260 |
_aISLAMABAD _bNUST COLLEGE OF EME _c2014 |
||
| 650 |
_a DE-MECH-32 _971693 |
||
| 942 | _cCR | ||
| 999 |
_c578077 _d578077 |
||